LEADER 02005oam 2200481I 450 001 9910712813803321 005 20200211094636.0 035 $a(CKB)5470000002498049 035 $a(OCoLC)1057899113 035 $a(EXLCZ)995470000002498049 100 $a20181025d1999 ua 0 101 0 $aeng 135 $aur||||||||||| 181 $ctxt$2rdacontent 182 $cc$2rdamedia 183 $acr$2rdacarrier 200 10$aDetermination of NOx and HC basic emission rates, OBD and I/M effects for tier 1 and later LDVs and LDTs $eM6.EXH.007 : draft /$fJohn W. Koupal, Edward L. Glover, Assessment and Modeling Division, Office of Mobile Sources, U.S. Environmental Protection Agency 210 1$a[Washington, D.C.] :$cUnited States Environmental Protection Agency, Air and Radiation,$d1999. 215 $a1 online resource (18 pages, 24 unnumbered pages) $cillustrations 300 $a"EPA420-P-99-009." 300 $a"March 1999." 300 $aSupersedes EPA 420-D-00-002. 320 $aIncludes bibliographical references. 517 $aDetermination of NOx and HC basic emission rates, OBD and I/M effects for tier 1 and later LDVs and LDTs 606 $aAutomobiles$xMotors$xExhaust gas$xMeasurement 606 $aAir$xPollution$xMeasurement 606 $aAir$xPollution$xMeasurement$2fast 606 $aAutomobiles$xMotors$xExhaust gas$xMeasurement$2fast 615 0$aAutomobiles$xMotors$xExhaust gas$xMeasurement. 615 0$aAir$xPollution$xMeasurement. 615 7$aAir$xPollution$xMeasurement. 615 7$aAutomobiles$xMotors$xExhaust gas$xMeasurement. 700 $aKoupal$b John W.$01393070 702 $aGlover$b Edward L. 712 02$aUnited States.$bEnvironmental Protection Agency.$bAssessment and Modeling Division, 801 0$bELC 801 1$bELC 801 2$bOCLCQ 801 2$bGPO 906 $aBOOK 912 $a9910712813803321 996 $aDetermination of NOx and HC basic emission rates, OBD and I$93457882 997 $aUNINA LEADER 02411nam 22004935 450 001 9910967188903321 005 20251117081813.0 010 $a1-61811-512-X 024 7 $a10.1515/9781618115126 035 $a(CKB)3710000000851813 035 $a(MiAaPQ)EBC4568825 035 $a(DE-B1597)541111 035 $a(OCoLC)958454796 035 $a(DE-B1597)9781618115126 035 $a(EXLCZ)993710000000851813 100 $a20191221d2016 fg 101 0 $aeng 135 $aurcnu|||||||| 181 $2rdacontent 182 $2rdamedia 183 $2rdacarrier 200 10$aAcco Festival $eBetween Celebration and Confrontation /$fNaphtaly Shem-Tov 210 1$aBoston, MA :$cAcademic Studies Press,$d[2016] 210 4$dİ2016 215 $a1 online resource (243 pages) 225 0 $aIsrael: Society, Culture, and History 311 08$a1-61811-511-1 320 $aIncludes bibliographical references and index. 327 $tFrontmatter --$tContents --$tPreface and Acknowledgements --$tIntroduction --$tCHAPTER ONE. Artistic Direction and the Political: Exception Takes the Stage? --$tCHAPTER TWO. Performance Repertoire: Representations of Social Conflicts --$tCHAPTER THREE. Organization, Budget, and Infrastructure: Between Center and Periphery --$tCHAPTER FOUR. Festival Reception: Judgment, Criticism, Audience --$tCHAPTER FIVE. Host Community: Policy and Resistance --$tReferences --$tIndex 330 $aThis research follows the history of the Acco Festival for Other Israeli Theatre from 1980-2012, chronicling it as a site of celebration as well as confrontation. The Acco Festival is presented as a borderland that brings together established mainstream directors and actors, alternative artists from the fringes, and Acco's Jewish and Arab residents. The book explores the festival's artistic direction; repertoire; organization, budget, and infrastructure; reception; and the Acco host community. 410 0$aIsrael (Boston, Mass.) 606 $aFestivals 606 $aPerforming arts festivals$zIsrael 607 $aIsrael$xAcre 615 0$aFestivals. 615 0$aPerforming arts festivals 676 $a394.26 700 $aShem-T?ov$b Naftali$4aut$4http://id.loc.gov/vocabulary/relators/aut.$01879865 801 0$bDE-B1597 801 1$bDE-B1597 906 $aBOOK 912 $a9910967188903321 996 $aAcco Festival$94493424 997 $aUNINA